Arrêts de la ligne 8 de Lyon (TCL) - Statistiques

Statistiques générales
  • Ce quiz a été pris 19 fois
  • Le résultat moyen est 14 sur 19
Statistiques - réponses
Arrondissement Arrêt % Correct
Lyon 2e Perrache
100%
La Mulatière Bastéro - Aquarium
93%
Oullins Oullins Clément Désormes
93%
La Mulatière Pont de La Mulatière
93%
Lyon 2e Pont Kitchener RG
86%
La Mulatière Clos des Chassagnes
79%
Oullins (dir. Perrache) La Cadière
79%
La Mulatière La Mulatière Mairie
79%
La Mulatière Le Grand Roule
79%
Lyon 5e Terrasse
79%
La Mulatière Assomption
71%
La Mulatière Centre Social La Mulatière
71%
Oullins Le Buisset
71%
La Mulatière Le Roule
71%
La Mulatière La Mulatière Belle Rive
64%
La Mulatière La Chênaie - Fontanières
57%
La Mulatière Les Coutures
57%
Lyon 5e Les Étroits
57%
La Mulatière Piscine L'Ammonite
57%
Aucun quiz correspondant
Distribution des résultats
% des personnes avec chaque résultat
Percentile par nombre de réponses
Votre historique - résultats
Vous n’avez pas pris ce quiz